Indian Christian who is who / (Record no. 766)

MARC details
000 -LEADER
fixed length control field 00745cam a2200253 a 4500
001 - CONTROL NUMBER
control field 2366392
003 - CONTROL NUMBER IDENTIFIER
control field GBCCL
005 - DATE AND TIME OF LATEST TRANSACTION
control field 20241126110345.0
008 - FIXED-LENGTH DATA ELEMENTS--GENERAL INFORMATION
fixed length control field 840104s1983 ii r 000 0deng
010 ## -
-- 83905611
020 ## - INTERNATIONAL STANDARD BOOK NUMBER
Terms of availability Rs10.00. ($3.00 U.S.)
040 ## - CATALOGING SOURCE
Original cataloging agency DLC
Transcribing agency DLC
Modifying agency DLC
043 ## -
-- a-ii---
050 00 -
-- BR1155
-- .A63 1983
082 00 - DEWEY DECIMAL CLASSIFICATION NUMBER
Classification number 275.4092
-- B
Edition information 19
Item number APR
100 0# - MAIN ENTRY--PERSONAL NAME
Personal name Aprem,
Titles and words associated with a name Mar,
Dates associated with a name 1940-
9 (RLIN) 1069
245 10 - TITLE STATEMENT
Title Indian Christian who is who /
Statement of responsibility, etc. by Mar Aprem.
260 ## - PUBLICATION, DISTRIBUTION, ETC.
Place of publication, distribution, etc. [Bombay] :
Name of publisher, distributor, etc. Bombay Parish Church of the East,
Date of publication, distribution, etc. 1983.
300 ## - PHYSICAL DESCRIPTION
Extent 210 p. ;
Dimensions 22 cm.
650 #0 - SUBJECT ADDED ENTRY--TOPICAL TERM
Topical term or geographic name entry element Christians
Geographic subdivision India
Form subdivision Directories.
9 (RLIN) 1070
651 #0 - SUBJECT ADDED ENTRY--GEOGRAPHIC NAME
Geographic name India
Form subdivision Directories.
9 (RLIN) 1071
906 ## - LOCAL DATA ELEMENT F, LDF (RLIN)
a 7
b cbc
c orignew
d 3
e ncip
f 19
g y-gencatlg
942 ## - ADDED ENTRY ELEMENTS (KOHA)
Source of classification or shelving scheme Dewey Decimal Classification
Koha item type Books
Holdings
Withdrawn status Lost status Source of classification or shelving scheme Damaged status Not for loan Home library Current Library Shelving location Date acquired Total checkouts Full call number Barcode Date last seen Date last checked out Copy number Price effective from Koha item type
    Dewey Decimal Classification     GRACE BIBLE COLLEGE GRACE BIBLE COLLEGE Church History 2017-03-15 1 275.4092 APR 001752 2025-05-01 2017-03-15 c.1 2017-03-15 Books
© Grace Bible College Library 2025